Normal view
MARC view
Entry Topical Term
001 - CONTROL NUMBER
- control field: 23811
003 - CONTROL NUMBER IDENTIFIER
- control field: AUA.1
005 - DATE AND TIME OF LATEST TRANSACTION
- control field: 20120806121435.0
008 - FIXED-LENGTH DATA ELEMENTS
- fixed length control field: 120806|||a|||||| | ||| d
040 ## - CATALOGING SOURCE
- Original cataloging agency: AUA.1
- Transcribing agency: AUA.1
150 ## - HEADING--TOPICAL TERM
- Topical term or geographic name as entry element: Nacionalismo
- Geographic subdivision: Argelia
670 ## - SOURCE DATA FOUND
- Source citation: Work cat.: (AUA.1)0: Fanon, Frantz, 1925-1961. 23805, The wretched of the earth., [1965, c1963]